| 000 | 00600nam a2200205 a 4500 | ||
|---|---|---|---|
| 005 | 20250225063841.0 | ||
| 008 | 040301s2003 mx r 000 0 spa d | ||
| 020 | _a8497290100 | ||
| 035 | _aUPN01000132297 | ||
| 049 | _aCG | ||
| 050 | 4 |
_aLB1050 _bG8.3 |
|
| 100 | 1 | _aGutiérrez Toca, Manuel | |
| 245 | 1 | 0 |
_aActividades sensoriomotrices para la lectoescritura / _cManuel Gutiérrez Toca. |
| 260 |
_aBarcelona, Esp. : _bInde, _c2003. |
||
| 300 | _a129 p. | ||
| 440 | 0 | _aEducación física | |
| 650 | 4 |
_aAprendizaje de la lectoescritura _91535 |
|
| 650 | 4 |
_aLectoescritura _92985 |
|
| 905 | _aLibro | ||
| 999 |
_c104452 _d104452 |
||